00485nam a2200145 a 450000500170000000800410001702000180005805000220007610000190009824500440011726000320016130000090019399900190020295201180022120140412111223.0100122s19uu xx 00 eng d a0-439-65567-6 aTR(PS EbAn2 1997 aAndreae, Giles aLeo, The lovable lion /cGiles Andreae. aU.S.A :bScholastic,c1997. aunp. c101979d101979 00104050aELbELcTRd2010-01-22eGiftg165.00l0oTR(PS E An2 1997pE0220r2014-04-12 00:00:00w2014-04-12yBK